MARC details
| 000 -LEADER |
| fixed length control field |
03825cam a22005534a 4500 |
| 001 - CONTROL NUMBER |
| control field |
muse12061 |
| 003 - CONTROL NUMBER IDENTIFIER |
| control field |
MdBmJHUP |
| 005 - DATE AND TIME OF LATEST TRANSACTION |
| control field |
20210127150950.0 |
| 006 - FIXED-LENGTH DATA ELEMENTS--ADDITIONAL MATERIAL CHARACTERISTICS |
| fixed length control field |
m o d |
| 007 - PHYSICAL DESCRIPTION FIXED FIELD--GENERAL INFORMATION |
| fixed length control field |
cr||||||||nn|n |
| 008 - FIXED-LENGTH DATA ELEMENTS--GENERAL INFORMATION |
| fixed length control field |
090617s2010 dcu o 00 0 eng d |
| 010 ## - LIBRARY OF CONGRESS CONTROL NUMBER |
| Canceled/invalid LC control number |
2009024105 |
| 020 ## - INTERNATIONAL STANDARD BOOK NUMBER |
| International Standard Book Number |
9781589016743 |
| 020 ## - INTERNATIONAL STANDARD BOOK NUMBER |
| International Standard Book Number |
1589016742 |
| 020 ## - INTERNATIONAL STANDARD BOOK NUMBER |
| Canceled/invalid ISBN |
9781589016293 (pbk. : alk. paper) |
| 020 ## - INTERNATIONAL STANDARD BOOK NUMBER |
| Canceled/invalid ISBN |
1589016297 |
| 035 ## - SYSTEM CONTROL NUMBER |
| System control number |
(OCoLC)648711554 |
| 040 ## - CATALOGING SOURCE |
| Original cataloging agency |
MdBmJHUP |
| Transcribing agency |
MdBmJHUP |
| 050 04 - LIBRARY OF CONGRESS CALL NUMBER |
| Classification number |
P302.7 |
| Item number |
.G48 2008 |
| 082 0# - DEWEY DECIMAL CLASSIFICATION NUMBER |
| Classification number |
401/.41 |
| Edition number |
22 |
| 245 10 - TITLE STATEMENT |
| Title |
Telling Stories |
| Remainder of title |
Language, Narrative, and Social Life / |
| Statement of responsibility, etc. |
Deborah Schiffrin, Anna De Fina, and Anastasia Nylund, editors. |
| 264 #1 - PRODUCTION, PUBLICATION, DISTRIBUTION, MANUFACTURE, AND COPYRIGHT NOTICE |
| Name of producer, publisher, distributor, manufacturer |
Georgetown University Press, |
| 264 #3 - PRODUCTION, PUBLICATION, DISTRIBUTION, MANUFACTURE, AND COPYRIGHT NOTICE |
| Name of producer, publisher, distributor, manufacturer |
Project MUSE, |
| 300 ## - PHYSICAL DESCRIPTION |
| Extent |
1 online resource (vi, 219 p.) : |
| Other physical details |
ill. ; |
| 490 0# - SERIES STATEMENT |
| Series statement |
Georgetown University Round Table on languages and linguistics series |
| 500 ## - GENERAL NOTE |
| General note |
Papers based on those presented at the 2008 Georgetown University Round Table On Languages and Linguistics (GURT). |
| 504 ## - BIBLIOGRAPHY, ETC. NOTE |
| Bibliography, etc. note |
Includes bibliographical references. |
| 505 0# - FORMATTED CONTENTS NOTE |
| Formatted contents note |
Introduction / Deborah Schiffrin and Anna De Fina -- Where Should I begin? / William Labov -- The remediation of storytelling : Narrative performance on early commercial sound recordings / Richard Bauman -- Narrative, culture, and mind / Jerome Bruner -- Positioning as a metagrammar for discursive story lines / Rom Harre -- "Ay ay vienen estos juareños?" : on the positioning of selves through code switching by second-generation immigrant college students / Alan D. Hansen ...[et al.] -- A tripartite self-construction model of identity / Leor Cohen -- Narratives of reputation : layerings of social and spatial identities / Gabriella Modan and Amy Shuman -- Identity building through narratives on a Tulu call-in TV show / Malavika Shetty -- Blank check for biography? : openness and ingenuity in the management of the "who-am-I-question" and what life stories actually may not be good for / Michael Bamberg -- Reflection and self-disclosure from the small stories perspective : a study of identity claims in interview and conversational data / Alexandra Georgakopoulou -- Negotiating deviance : identity, trajectories, and norms in a graffitist's interview narrative / Jarmila Mildorf -- Interaction and narrative structure in dementia / Lars Christer Hyden and Linda Örulv -- Concurrent and intervening actions during storytelling in family "ceremonial" dinners / Jenny Mandelbaum -- Truth and authorship in textual trajectories / Isolda E. Carranza -- Legitimation and the heteroglossic nature of closing arguments / Laura Felton Rosulek -- Multimodal storytelling and identity construction in graphic narratives / David Herman -- The role of style-shifting in the functions and purposes of storytelling : detective stories in anime / Fumiko Nazikian. |
| 506 0# - RESTRICTIONS ON ACCESS NOTE |
| Terms governing access |
Open Access |
| Standardized terminology for access restriction |
Unrestricted online access |
| Source of term |
star |
| 588 ## - SOURCE OF DESCRIPTION NOTE |
| Source of description note |
Description based on print version record. |
| 650 #0 - SUBJECT ADDED ENTRY--TOPICAL TERM |
| Topical term or geographic name entry element |
Psycholinguistics |
| Form subdivision |
Congresses. |
| 650 #0 - SUBJECT ADDED ENTRY--TOPICAL TERM |
| Topical term or geographic name entry element |
Sociolinguistics |
| Form subdivision |
Congresses. |
| 650 #0 - SUBJECT ADDED ENTRY--TOPICAL TERM |
| Topical term or geographic name entry element |
Storytelling |
| Form subdivision |
Congresses. |
| 650 #0 - SUBJECT ADDED ENTRY--TOPICAL TERM |
| Topical term or geographic name entry element |
Narration (Rhetoric) |
| Form subdivision |
Congresses. |
| 650 #0 - SUBJECT ADDED ENTRY--TOPICAL TERM |
| Topical term or geographic name entry element |
Discourse analysis, Narrative |
| Form subdivision |
Congresses. |
| 655 #7 - INDEX TERM--GENRE/FORM |
| Genre/form data or focus term |
Electronic books. |
| Source of term |
local |
| 700 1# - ADDED ENTRY--PERSONAL NAME |
| Personal name |
Nylund, Anastasia. |
| 700 1# - ADDED ENTRY--PERSONAL NAME |
| Personal name |
De Fina, Anna. |
| 700 1# - ADDED ENTRY--PERSONAL NAME |
| Personal name |
Schiffrin, Deborah. |
| 710 2# - ADDED ENTRY--CORPORATE NAME |
| Corporate name or jurisdiction name as entry element |
Project Muse. |
| Relator term |
distributor |
| 830 #0 - SERIES ADDED ENTRY--UNIFORM TITLE |
| Uniform title |
Book collections on Project MUSE. |
| 856 40 - ELECTRONIC LOCATION AND ACCESS |
| Public note |
Full text available: |
| Uniform Resource Identifier |
<a href="https://muse.jhu.edu/book/13062/">https://muse.jhu.edu/book/13062/</a> |
| 945 ## - LOCAL PROCESSING INFORMATION (OCLC) |
| a |
Project MUSE - 2010 Global Cultural Studies |
| 945 ## - LOCAL PROCESSING INFORMATION (OCLC) |
| a |
Project MUSE - 2010 Complete |